Managerial accounting: an introduction to planning, information processing, and control (Record no. 82498)

MARC details
000 -LEADER
fixed length control field 01017nam a2200205 a 4500
008 - FIXED-LENGTH DATA ELEMENTS--GENERAL INFORMATION
fixed length control field 120416s1975 ||||||||||||||||| || u
020 ## - INTERNATIONAL STANDARD BOOK NUMBER
International Standard Book Number 0471171743
050 ## - LIBRARY OF CONGRESS CALL NUMBER
Classification number HF 5635 Cop.
100 ## - MAIN ENTRY--PERSONAL NAME
Personal name Dascher, Paul E
245 10 - TITLE STATEMENT
Title Managerial accounting: an introduction to planning, information processing, and control
260 ## - PUBLICATION, DISTRIBUTION, ETC.
Place of publication, distribution, etc. Santa Barbara, Calif.:
Name of publisher, distributor, etc. Hamilton Pub. Co
Date of publication, distribution, etc. 1975
300 ## - PHYSICAL DESCRIPTION
Extent xix, 533p. : ill.
350 ## -
-- 0.00
650 #0 - SUBJECT ADDED ENTRY--TOPICAL TERM
Topical term or geographic name entry element ACCOUNTING--HANDBOOKS, MANUALS, ETC
650 #0 - SUBJECT ADDED ENTRY--TOPICAL TERM
Topical term or geographic name entry element COST ACCOUNTING
700 ## - ADDED ENTRY--PERSONAL NAME
Personal name Copeland, Ronald M
995 ## -
-- ANNEX COLLECTION (Main Library)
-- 0.00
-- 175825
-- CBU-MAIN LIBRARY (Kitwe)
-- 2
-- 0.00
-- HF 5635 Cop
-- 1
-- AVAILABLE
-- 005538
-- Annex Low-Usage Collection
995 ## -
-- ANNEX COLLECTION (Main Library)
-- 0.00
-- 729160
-- CBU-MAIN LIBRARY (Kitwe)
-- 1
-- 0.00
-- HF 5635 Cop
-- 2
-- AVAILABLE
-- 021594
-- Annex Low-Usage Collection
995 ## -
-- TEXTBOOKS (SB)
-- 0.00
-- 01295
-- CBU-SCHOOL TEXTBOOK COLLECTIONS
-- 1
-- 0.00
-- SCHOOL TEXTBOOK
-- 3
-- AVAILABLE
-- Sep 15, 2009
-- 01295
-- School Collections
999 ## -
-- 82498
-- 82498
Holdings
Withdrawn status Lost status Source of classification or shelving scheme Damaged status Not for loan Permanent Location Current Location Shelving location Date acquired Total Checkouts Full call number Barcode Date last seen Copy number Price effective from Koha item type
          CBU-MAIN LIBRARY, KITWE. CBU-MAIN LIBRARY, KITWE.   09/29/2023   HF 5635 Cop 005538 09/29/2023 1 09/29/2023 MONOGRAPH
Withdrawn         CBU-MAIN LIBRARY, KITWE. CBU-MAIN LIBRARY, KITWE.   09/29/2023   HF 5635 Cop 021594 09/29/2023 2 09/29/2023 MONOGRAPH
          CBU-SCHOOL TEXT BOOK COLLECTION CBU-SCHOOL TEXT BOOK COLLECTION   09/29/2023   SCHOOL TEXTBOOK 01295 09/29/2023 3 09/29/2023 MONOGRAPH